<?xml version="1.0" encoding="UTF-8"?>
<record
    xmlns:xsi="http://www.w3.org/2001/XMLSchema-instance"
    xsi:schemaLocation="http://www.loc.gov/MARC21/slim http://www.loc.gov/standards/marcxml/schema/MARC21slim.xsd"
    xmlns="http://www.loc.gov/MARC21/slim">

  <leader>00545cam2a220019300 4500</leader>
  <controlfield tag="001">tmp15582682</controlfield>
  <controlfield tag="003">UPRA</controlfield>
  <controlfield tag="005">20190822121208.0</controlfield>
  <controlfield tag="008">950914s1953    nr                  eng u</controlfield>
  <datafield tag="035" ind1=" " ind2=" ">
    <subfield code="a">(Sirsi) r52081</subfield>
  </datafield>
  <datafield tag="035" ind1=" " ind2=" ">
    <subfield code="a">(UPRA)tmp15582682</subfield>
  </datafield>
  <datafield tag="040" ind1=" " ind2=" ">
    <subfield code="c">UPRA</subfield>
  </datafield>
  <datafield tag="100" ind1="1" ind2=" ">
    <subfield code="a">Cameron, Norman Eustace.</subfield>
    <subfield code="6">A10534.1</subfield>
  </datafield>
  <datafield tag="245" ind1="1" ind2="0">
    <subfield code="a">Three immortals :</subfield>
    <subfield code="b">a collection of three plays.</subfield>
  </datafield>
  <datafield tag="260" ind1=" " ind2=" ">
    <subfield code="a">Georgetown :</subfield>
    <subfield code="b">F.A. Persick,</subfield>
    <subfield code="c">1953.</subfield>
  </datafield>
  <datafield tag="500" ind1=" " ind2=" ">
    <subfield code="a">Contains music.</subfield>
  </datafield>
  <datafield tag="949" ind1=" " ind2=" ">
    <subfield code="a">PR9320.9.C3</subfield>
    <subfield code="w">lcc</subfield>
    <subfield code="i">-66091</subfield>
    <subfield code="m">MAIN</subfield>
    <subfield code="t">BOOK</subfield>
    <subfield code="l">ON-SHELF</subfield>
  </datafield>
  <controlfield tag="004">52081</controlfield>
  <datafield tag="999" ind1=" " ind2=" ">
    <subfield code="c">134758</subfield>
    <subfield code="d">134758</subfield>
  </datafield>
</record>
